| 000 -LEADER |
| fixed length control field |
01055nam a2200217Ia 4500 |
| 001 - CONTROL NUMBER |
| control field |
5984 |
| 003 - CONTROL NUMBER IDENTIFIER |
| control field |
GE_BSU |
| 005 - DATE AND TIME OF LATEST TRANSACTION |
| control field |
20221101112151.0 |
| 008 - FIXED-LENGTH DATA ELEMENTS--GENERAL INFORMATION |
| fixed length control field |
181216s2010ru xx |||||||||||||| ||rus|| |
| 020 ## - INTERNATIONAL STANDARD BOOK NUMBER |
| International Standard Book Number |
978 9941 14 830 9 |
| 040 ## - CATALOGING SOURCE |
| Transcribing agency |
GE_BSU |
| 041 ## - LANGUAGE CODE |
| Language code of text/sound track or separate title |
rus |
| 080 ## - UNIVERSAL DECIMAL CLASSIFICATION NUMBER |
| Universal Decimal Classification number |
622.24 В-18 |
| 100 ## - MAIN ENTRY--PERSONAL NAME |
| Personal name |
Варшаломидзе, Г.Х. |
| 9 (RLIN) |
15684 |
| 245 ## - TITLE STATEMENT |
| Title |
Современные методы и технологии бурения нефтяных и газовых скважин / |
| Statement of responsibility, etc. |
Г.Х. Варшаломидзе. |
| 264 ## - PRODUCTION, PUBLICATION, DISTRIBUTION, MANUFACTURE, AND COPYRIGHT NOTICE |
| Place of production, publication, distribution, manufacture |
Тбилиси : |
| Name of producer, publisher, distributor, manufacturer |
Грузинский технический ун-т, |
| Date of production, publication, distribution, manufacture, or copyright notice |
2010. |
| 300 ## - PHYSICAL DESCRIPTION |
| Extent |
1001 стр. |
| Other physical details |
с илл. |
| Dimensions |
24 см. |
| 653 ## - INDEX TERM--UNCONTROLLED |
| keyword |
Современные методы и технологии бурения нефтяных и газовых скважин |
| 653 ## - INDEX TERM--UNCONTROLLED |
| keyword |
ნავთობისა და გაზის ჭაბურღილების ბურღვის თანამედროვე მეთოდები და ტექნოლოგიები |
| 942 ## - ADDED ENTRY ELEMENTS (KOHA) |
| Koha item type |
წიგნი |
| Source of classification or shelving scheme |
|